| 000 -LEADER |
| fixed length control field |
01297pab a2200181 454500 |
| 008 - FIXED-LENGTH DATA ELEMENTS--GENERAL INFORMATION |
| fixed length control field |
180718b2005 xxu||||| |||| 00| 0 eng d |
| 100 ## - MAIN ENTRY--PERSONAL NAME |
| Personal name |
Jouve, Bernard |
| 245 ## - TITLE STATEMENT |
| Title |
From government to urban governance in Western Europe: a critical |
| 260 ## - PUBLICATION, DISTRIBUTION, ETC. |
| Date of publication, distribution, etc. |
2005 |
| 300 ## - PHYSICAL DESCRIPTION |
| Extent |
p.285-94. |
| 362 ## - DATES OF PUBLICATION AND/OR SEQUENTIAL DESIGNATION |
| Dates of publication and/or sequential designation |
Oct |
| 520 ## - SUMMARY, ETC. |
| Summary, etc. |
This article examines structural reorganisation in Western Europe and various factors explaining the new institutinal dynamics affecting the governance of their cities: the historical origins of renewed interest in metropolitan government; the division of powers between state and local and regional levels; and the linkage of the latter to 'Fordist' modes of state organisation. Since the 1990s new processes of decentralisation and regionalisation have affected the institutional landscape. Against the background of exacerbated territorial competition and the questioning of the welfare state, there has also been a transformation of a raison d'etre of urban institutions resulting in reformulated connections between civil societies and the dynamics of globalisation. - Reproduced. |
| 650 ## - SUBJECT ADDED ENTRY--TOPICAL TERM |
| Topical term or geographic name entry element |
Urbanization - Western Europe |
| 650 ## - SUBJECT ADDED ENTRY--TOPICAL TERM |
| Topical term or geographic name entry element |
Urban development - Western Europe |
| 650 ## - SUBJECT ADDED ENTRY--TOPICAL TERM |
| Topical term or geographic name entry element |
Urban development |
| 773 ## - HOST ITEM ENTRY |
| Main entry heading |
Public Administration and Development |
| 909 ## - |
| -- |
67437 |